Clinicians' guide to adult ADHD : assessment and intervention /

This text offers practicing clinicians strategies, interventions, suggestions, guidance and ideas to work with adults struggling with Attention Deficit Hyperactivity Disorder, and is intended as a reference to which clinicians will turn time and time again as issues or problems present themselves. T...

Full description

Bibliographic Details
Main Author: Goldstein, Sam, 1952-
Corporate Author: ScienceDirect (Online service)
Other Authors: Ellison, Anne Teeter
Format: eBook
Language:English
Published: San Diego, Calif. : Academic Press, ©2002.
Subjects:
Online Access:Connect to the full text of this electronic book

MARC

Tag First Indicator Second Indicator Subfields
LEADER 00000cam a2200000 a 4500
001 in00005734839
005 20260326155130.8
006 m o d
007 cr cnu---unuuu
008 080625s2002 caua ob 001 0 eng d
010 |z  2002102336 
040 |a N$T  |b eng  |e pn  |c N$T  |d OCLCQ  |d IDEBK  |d E7B  |d OCLCQ  |d MERUC  |d YDXCP  |d OCLCQ  |d OCLCF  |d NLGGC  |d OPELS  |d OCLCQ  |d LOA  |d OCLCO  |d OCLCA  |d COCUF  |d TOA  |d OCLCO  |d AGLDB  |d OCLCO  |d STF  |d MOR  |d PIFAG  |d OCLCQ  |d CASUM  |d OCLCO  |d OCLCA  |d VNS  |d WRM  |d OCLCO  |d OCLCQ  |d VTS  |d CHVBK  |d NRAMU  |d VT2  |d OCLCQ  |d WYU  |d OCLCA  |d REC  |d OCLCO  |d LEAUB  |d OCLCO  |d M8D  |d OCLCO  |d UX1  |d BWN  |d OCLCA  |d UKCRE  |d OCLCO  |d OCLCQ  |d OCL  |d OCLCQ  |d OCLCO  |d INARC  |d OCLCL  |d EZC  |d COA  |d OCLCA  |d OCLCQ  |d OCLCO  |d OCLCL  |d OCLCQ 
019 |a 162572449  |a 646767522  |a 961511262  |a 962725091  |a 966179956  |a 984805720  |a 988472426  |a 989255872  |a 991924787  |a 1034926740  |a 1035685350  |a 1037742842  |a 1038631063  |a 1045494418  |a 1055354848  |a 1064102588  |a 1081218946  |a 1110266016  |a 1153472950  |a 1228603280  |a 1340057831 
020 |a 9780080502076  |q (electronic bk.) 
020 |a 0080502075  |q (electronic bk.) 
020 |a 9780122870491 
020 |a 0122870492 
020 |z 0122870492  |q (pbk. ;  |q alk. paper) 
024 8 |a (WaSeSS)ssj0000123743 
035 |a (OCoLC)232605176  |z (OCoLC)162572449  |z (OCoLC)646767522  |z (OCoLC)961511262  |z (OCoLC)962725091  |z (OCoLC)966179956  |z (OCoLC)984805720  |z (OCoLC)988472426  |z (OCoLC)989255872  |z (OCoLC)991924787  |z (OCoLC)1034926740  |z (OCoLC)1035685350  |z (OCoLC)1037742842  |z (OCoLC)1038631063  |z (OCoLC)1045494418  |z (OCoLC)1055354848  |z (OCoLC)1064102588  |z (OCoLC)1081218946  |z (OCoLC)1110266016  |z (OCoLC)1153472950  |z (OCoLC)1228603280  |z (OCoLC)1340057831 
037 |a 89423:89423  |b Elsevier Science & Technology  |n http://www.sciencedirect.com 
050 4 |a RC394.A85  |b G649 2002eb 
060 4 |a 2002 L-808 
060 4 |a WM 190  |b C6415 2002 
072 7 |a PSY  |x 018000  |2 bisacsh 
082 0 4 |a 616.85/89  |2 22 
049 |a TXAM 
100 1 |a Goldstein, Sam,  |d 1952-  |1 https://id.oclc.org/worldcat/entity/E39PCjFwFxbrFWvCw4RyCwygXd 
245 1 0 |a Clinicians' guide to adult ADHD :  |b assessment and intervention /  |c Sam Goldstein, Anne Teeter Ellison. 
246 3 0 |a Guide to adult ADHD 
246 3 0 |a Adult ADHD 
260 |a San Diego, Calif. :  |b Academic Press,  |c ©2002. 
300 |a 1 online resource (xxiii, 301 pages) :  |b illustrations 
336 |a text  |b txt  |2 rdacontent 
337 |a computer  |b c  |2 rdamedia 
338 |a online resource  |b cr  |2 rdacarrier 
347 |a text file  |2 rdaft  |0 http://rdaregistry.info/termList/fileType/1002. 
505 0 0 |g ch. 1.  |t An overview of childhood and adolescent ADHD : understanding the complexities of development into the adult years /  |r Anne Teeter Ellison --  |g ch. 2.  |t Continuity of ADHD in adulthood : hypothesis and theory meet reality /  |r Sam Goldstein --  |g ch. 3.  |t Research on comorbidity, adaptive functioning, and cognitive impairments in adults with ADHD : implications for a clinical practice /  |r Russell Barkley  |g and  |r Michael Gordon --  |g ch. 4.  |t The assessment process : conditions and comorbidities /  |r Diane E. Johnson  |g and  |r C. Keith Conners --  |g ch. 5.  |t Clinical case studies /  |r Kevin Murphy --  |g ch. 6.  |t The clinician's role in the treatment of ADHD /  |r Kathleen G. Nadeau --  |g ch. 7.  |t Changing the mindset of adults with ADHD : strategies for fostering hope, optimism, and resilience /  |r Robert B. Brooks --  |g 8.  |t A model of psychotherapy for adults with ADHD /  |r Susan Young --  |g ch. 9.  |t Pharmacotherapy of adult ADHD /  |r Jeffrey B. Prince  |g and  |r Timothy E. Wilens --  |g ch. 10.  |t Career impact : finding the key to issues facing adults with ADHD /  |r Rob Crawford  |g and  |r Veronica Crawford --  |g ch. 11.  |t What clinicians need to know about legal issues relative to ADHD /  |r Peter S. Latham  |g and  |r Patricia H. Latham --  |g ch. 12.  |t Making marriages work for individuals with ADHD /  |r Patrick Kilcarr --  |g ch. 13.  |t Families and ADHD /  |r Thomas W. Phelan --  |g ch. 14.  |t Life coaching for adult ADHD /  |r Nancy Ratey --  |g ch. 15.  |t Lifestyle issues /  |r Arthur L. Robin. 
504 |a Includes bibliographical references and index. 
588 0 |a Print version record. 
520 |a This text offers practicing clinicians strategies, interventions, suggestions, guidance and ideas to work with adults struggling with Attention Deficit Hyperactivity Disorder, and is intended as a reference to which clinicians will turn time and time again as issues or problems present themselves. The text will also provide a comprehensive review of the scientific literature and expand the development of an ongoing model to treat Attention Deficit Hyperactivity Disorder. 
650 0 |a Attention-deficit hyperactivity disorder in adults. 
650 0 |a Adulthood. 
650 1 2 |a Attention Deficit Disorder with Hyperactivity  |x diagnosis 
650 2 2 |a Adult 
650 2 2 |a Attention Deficit Disorder with Hyperactivity  |x therapy 
650 6 |a Trouble déficitaire de l'attention chez l'adulte. 
650 6 |a Adultes. 
650 7 |a PSYCHOLOGY  |x Mental Illness.  |2 bisacsh 
650 7 |a Adulthood  |2 fast 
650 7 |a Attention-deficit disorder in adults  |2 fast 
655 7 |a Electronic books.  |2 local 
655 4 |a Internet Resources. 
655 7 |a dissertations.  |2 aat 
655 7 |a Academic theses  |2 fast 
655 7 |a Academic theses.  |2 lcgft 
655 7 |a Thèses et écrits académiques.  |2 rvmgf 
700 1 |a Ellison, Anne Teeter.  |1 https://id.oclc.org/worldcat/entity/E39PCjFMR4YkcjfgxXJRj6B9Dq 
710 2 |a ScienceDirect (Online service) 
758 |i has work:  |a Clinicians' guide to adult ADHD (Text)  |1 https://id.oclc.org/worldcat/entity/E39PCG69Q3bFm4pGVQQC69HFYX  |4 https://id.oclc.org/worldcat/ontology/hasWork 
776 0 8 |i Print version:  |a Goldstein, Sam, 1952-  |t Clinicians' guide to adult ADHD.  |d San Diego, Calif. : Academic Press, ©2002  |z 0122870492  |z 9780122870491  |w (DLC) 2002102336  |w (OCoLC)50668538 
856 4 0 |u http://proxy.library.tamu.edu/login?url=https://www.sciencedirect.com/science/book/9780122870491  |z Connect to the full text of this electronic book  |t 0 
955 |a Elsevier ScienceDirect 2026-2027 
994 |a 92  |b TXA 
999 f f |i 6ac74356-815a-4f1f-9b38-dda1000c1d7d  |s 155b008a-dbb9-4cab-8002-4aab808dc4b9  |t 0 
952 f f |a Texas A&M University  |b College Station  |c Electronic Resources  |s www_evans  |d Available Online  |t 0  |e RC394.A85 G649 2002eb  |h Library of Congress classification 
998 f f |a RC394.A85 G649 2002eb  |t 0  |l Available Online